| 000 | 00455 a2200157 4500 | ||
|---|---|---|---|
| 005 | 20250414172441.0 | ||
| 020 | _a0-673-15394-0 | ||
| 082 | _a658.834 KAS | ||
| 100 | _aKASSARJIAN, H. H. | ||
| 245 | _aPerspectives in Consumer Behavior | ||
| 250 | _a3rd Ed. | ||
| 260 |
_aDallas, _bScott, Foresman and Company, _c1981. |
||
| 300 |
_axxii, 538p., ill., figure, table, _bReferences, index, _c23cm. |
||
| 700 | _aROBERTSON, T. S. | ||
| 942 |
_2ddc _cBKS |
||
| 999 |
_c1416 _d1416 |
||